000 00593nam a2200181Ia 4500
008 090124s9999 xx 000 0 und d
082 _b16529
_a1431
100 _aसरदेसाई माया
245 _a महाराष्ट्र सौदामिनी
250 _a1
260 _c1967
300 _a16+170
600 _aसरदेसाई माया
630 _a महाराष्ट्र सौदामिनी
700 _aसरदेसाई माया
730 _a महाराष्ट्र सौदामिनी
942 _cBOOK
999 _c130469
_d130469